| Tag |
First Indicator |
Second Indicator |
Subfields |
| LEADER |
00000cam a2200000 a 4500 |
| 001 |
in00001518621 |
| 005 |
20151021173930.0 |
| 008 |
000302s1997 miuab b 001 0 eng |
| 010 |
|
|
|a 97006930
|
| 020 |
|
|
|a 0810397889 (vol. 1 : alk. paper)
|
| 020 |
|
|
|a 0810397897 (vol. 2 : alk. paper)
|
| 020 |
|
|
|a 0810397900 (vol. 3 : alk. paper)
|
| 020 |
|
|
|a 0810397870 (set : alk. paper)
|
| 035 |
|
|
|a (OCoLC)36477020
|
| 040 |
|
|
|a DLC
|c DLC
|d UtOrBLW
|
| 049 |
|
|
|a TXAM
|
| 050 |
0 |
0 |
|a QC981
|b .E66 1997
|
| 082 |
0 |
0 |
|a 551.5
|2 21
|
| 100 |
1 |
|
|a Engelbert, Phillis.
|
| 245 |
1 |
4 |
|a The complete weather resource /
|c Phillis Engelbert.
|
| 246 |
3 |
0 |
|a Weather
|
| 264 |
|
1 |
|a Detroit :
|b UXL,
|c [1997]
|
| 264 |
|
4 |
|c ©1997
|
| 300 |
|
|
|a 4 volumes :
|b illustrations, maps ;
|c 24 cm.
|
| 336 |
|
|
|a text
|b txt
|2 rdacontent
|
| 337 |
|
|
|a unmediated
|b n
|2 rdamedia
|
| 338 |
|
|
|a volume
|b nc
|2 rdacarrier
|
| 500 |
|
|
|a Volumes 1-3 paged continuously; volume 4 paged separately.
|
| 500 |
|
|
|a "Includes index to volumes 1-4"--Volume 4, spine.
|
| 504 |
|
|
|a Includes bibliographical references and index.
|
| 505 |
0 |
|
|a v. 1. Understanding weather -- v. 2. Weather phenomena -- v. 3. Forcasting and climate -- v. 4. Recent developments in world weather.
|
| 650 |
|
0 |
|a Weather.
|
| 650 |
|
0 |
|a Climatology.
|
| 650 |
|
0 |
|a Meteorology.
|
| 994 |
|
|
|a E0
|b TXA
|
| 948 |
|
|
|a cataloged
|b h
|c 2000/4/27
|d c
|e blrosas
|f 11:24:43 am
|
| 999 |
|
|
|a MARS
|
| 999 |
f |
f |
|s 93135d6b-c7c5-3d20-b957-cbde6db47a5b
|i 5fc1da2f-366c-37e6-a06e-a82d4dd5ca51
|t 0
|
| 952 |
f |
f |
|p ric
|a Texas A&M University
|b Rellis Campus
|c Joint Library Facility
|s JLF
|d Remote Storage
|t 0
|e QC981 .E66 1997
|h Library of Congress classification
|i unmediated -- volume
|k v.3
|m A14826103857
|
| 952 |
f |
f |
|p ric
|a Texas A&M University
|b Rellis Campus
|c Joint Library Facility
|s JLF
|d Remote Storage
|t 0
|e QC981 .E66 1997
|h Library of Congress classification
|i unmediated -- volume
|k v.2
|m A14826103831
|
| 952 |
f |
f |
|p ric
|a Texas A&M University
|b Rellis Campus
|c Joint Library Facility
|s JLF
|d Remote Storage
|t 0
|e QC981 .E66 1997
|h Library of Congress classification
|i unmediated -- volume
|k v.4
|m A14830244754
|
| 952 |
f |
f |
|p ric
|a Texas A&M University
|b Rellis Campus
|c Joint Library Facility
|s JLF
|d Remote Storage
|t 0
|e QC981 .E66 1997
|h Library of Congress classification
|i unmediated -- volume
|k v.1
|m A14826103823
|
| 998 |
f |
f |
|a QC981 .E66 1997
|s v.1-4
|t 0
|l Remote Storage
|